000
00202nmm a2200085Ia 4500
008
220120s9999||||xx |||||||||||||||||und||
100
_a
CHIP magazine
245
0
_a
CHIP-Aug :ab
260
_b
New Delhi
_c
2011
999
_c
139699
_d
139699